Библиография Победы

“Убежден: опыт солидарности, партнерства в годы борьбы с общей угрозой — это наше бесценное наследие, прочная опора именно сейчас, когда набирает силу необратимое движение к более справедливому многополярному миру, основанному на принципах доверия и неделимой безопасности, равных возможностей для самобытного и свободного развития всех стран и народов.”

В.В. Путин

Ил-10 (Запись № 89011)

Подробности
000 -МАРКЕР
контрольное поле 02893nkm0a2200517 4500
001 - ИДЕНТИФИКАТОР ЗАПИСИ
контрольное поле RU\NLR\BIBL_A\022582159
005 - ИДЕНТИФИКАТОР ВЕРСИИ
контрольное поле 20260130140740.0
035 ## - ДРУГИЕ СИСТЕМНЫЕ НОМЕРА
Идентификатор записи (NLR Aleph) 022582159
100 ## - ДАННЫЕ ОБЩЕЙ ОБРАБОТКИ
Данные общей обработки 20250708d1945 u y0rusy50 ca
101 0# - ЯЗЫК РЕСУРСА
Язык текста, звукозаписи и т.д. русский
102 ## - СТРАНА ПУБЛИКАЦИИ ИЛИ ПРОИЗВОДСТВА
Страна публикации российская федерация
116 ## - ПОЛЕ КОДИРОВАННЫХ ДАННЫХ: ИЗОБРАЗИТЕЛЬНЫЕ МАТЕРИАЛЫ
Кодированные данные для изобразительных материалов. iiycxx bf ad
135 ## - ПОЛЕ КОДИРОВАННЫХ ДАННЫХ: ЭЛЕКТРОННЫЕ РЕСУРСЫ
Кодированные данные для электронного ресурса crcn 024anaba
181 #0 - ПОЛЕ КОДИРОВАННЫХ ДАННЫХ: ВИД СОДЕРЖАНИЯ
Код вида содержания (ISBD) b4
Код характеристики содержания (ISBD) xb2e
182 #0 - ПОЛЕ КОДИРОВАННЫХ ДАННЫХ: ТИП СРЕДСТВА
Код типа средства (ISBD) n - непосредственное
200 1# - ЗАГЛАВИЕ И СВЕДЕНИЯ ОБ ОТВЕТСТВЕННОСТИ
Основное заглавие Ил-10
Сведения, относящиеся к заглавию [плакат]
Первые сведения об ответственности художник Юрьев А. А.
Последующие сведения об ответственности отв. редактор Борисов Н. П.
203 ## - ВИД СОДЕРЖАНИЯ И ТИП СРЕДСТВА
Вид содержания Изображение
Дополнительные сведения об издании неподвижное
-- двухмерное
-- визуальное
Тип средства непосредственное
210 ## - ПУБЛИКАЦИЯ, РАСПРОСТРАНЕНИЕ И ДР.
Место издания, распространения и т.д. Ленинград
Имя издателя, распространителя и т. д. Ленинградская военная воздушная академия
Дата издания, распространения и т.д. 1945
Место изготовления Ленинград
Имя изготовителя Типо-литография ЛВВА КА
215 ## - ФИЗИЧЕСКАЯ ХАРАКТЕРИСТИКА
Специфическое обозначение материала и объем 1 л.
Другие сведения о физической характеристике хромолитогр.
Размеры 57,5х81,5
300 ## - ОБЩИЕ ПРИМЕЧАНИЯ
Текст примечания В вып. данных: Подписано к печати 26.4.45; Заказ № 436. Г30006
325 ## - ПРИМЕЧАНИЕ О КОПИИ
Текст примечания Копия доступна в Электрон. б-ке РНБ
327 0# - ПРИМЕЧАНИЯ О СОДЕРЖАНИИ
Текст примечания На обороте изобр. маслосистемы самолета P-39 Airacobra
606 1# - НАИМЕНОВАНИЕ ТЕМЫ КАК ПРЕДМЕТ
Наименование темы Плакат инструктивный
Код системы nlr_sh2
Идентификатор авторитетной/нормативной записи RU\NLR\AUTH\6601761657
606 1# - НАИМЕНОВАНИЕ ТЕМЫ КАК ПРЕДМЕТ
Наименование темы Великая Отечественная война
Хронологический подзаголовок 1941 - 1945
Формальный подзаголовок Плакаты
Код системы nlr_sh1
-- nlr_sh2
Идентификатор авторитетной/нормативной записи RU\NLR\AUTH\668893
606 1# - НАИМЕНОВАНИЕ ТЕМЫ КАК ПРЕДМЕТ
Наименование темы P-39 "Аэрокобра", истребители
Формальный подзаголовок Плакаты
Код системы nlr_sh2
Идентификатор авторитетной/нормативной записи RU\NLR\AUTH\661517592
606 1# - НАИМЕНОВАНИЕ ТЕМЫ КАК ПРЕДМЕТ
Наименование темы Ил-10, штурмовики
Формальный подзаголовок Плакаты
Код системы nlr_sh2
Идентификатор авторитетной/нормативной записи RU\NLR\AUTH\661413044
686 ## - ИНДЕКСЫ ДРУГИХ КЛАССИФИКАЦИЙ
Индекс Щ150.466
700 #1 - ИМЯ ЛИЦА - ПЕРВИЧНАЯ ОТВЕТСТВЕННОСТЬ
Начальный элемент ввода Юрьев
Часть имени, кроме начального элемента ввода А. А.
Код отношения Карикатурист, Художник
712 02 - НАИМЕНОВАНИЕ ОРГАНИЗАЦИИ - ВТОРИЧНАЯ ОТВЕТСТВЕННОСТЬ
Начальный элемент ввода Ленинградская военно-воздушная академия Красной Армии
Идентификатор авторитетной/нормативной записи RU\NLR\AUTH\880638013
Код отношения Издатель
712 02 - НАИМЕНОВАНИЕ ОРГАНИЗАЦИИ - ВТОРИЧНАЯ ОТВЕТСТВЕННОСТЬ
Начальный элемент ввода Ленинградская военно-воздушная академия Красной Армии
Структурное подразделение Типолитография
Идентификатор авторитетной/нормативной записи RU\NLR\AUTH\880638015
Код отношения Печатник (типограф)
712 02 - НАИМЕНОВАНИЕ ОРГАНИЗАЦИИ - ВТОРИЧНАЯ ОТВЕТСТВЕННОСТЬ
Начальный элемент ввода Военный инженерный институт им. А. Ф. Можайского
Идентифицирующий признак Ленинград
Идентификатор авторитетной/нормативной записи RU\NLR\AUTH\8810292
Код отношения Издатель
852 00 - МЕСТОНАХОЖДЕНИЕ И ШИФР ХРАНЕНИЯ
Идентификатор организации NLR
Наименование фонда или коллекции (Sub-Location Identifier) Э
Шифр хранения (Call Number) НпТх920/6-97
Идентификатор единицы Э052985
856 #0 - МЕСТОНАХОЖДЕНИЕ ЭЛЕКТРОННЫХ РЕСУРОВ И ДОСТУП К НИМ
Универсальный идентификатор ресурса (Uniform Resource Identifier) https://vivaldi.nlr.ru/la000071006/view
856 #1 - МЕСТОНАХОЖДЕНИЕ ЭЛЕКТРОННЫХ РЕСУРОВ И ДОСТУП К НИМ
Универсальный идентификатор ресурса (Uniform Resource Identifier) https://vivaldi.nlr.ru/la000071006/cover
856 #2 - МЕСТОНАХОЖДЕНИЕ ЭЛЕКТРОННЫХ РЕСУРОВ И ДОСТУП К НИМ
Универсальный идентификатор ресурса (Uniform Resource Identifier) https://vivaldi.nlr.ru/la000071006/text
901 ## - ДАННЫЕ ОБ ОБЪЕКТЕ ОЦИФРОВКИ
-- Изографические материалы
942 ## - ДОПОЛНИТЕЛЬНЫЕ ЭЛЕМЕНТЫ ЗАПИСИ (АБИС)
Тип экземпляра АБИС Визуальный материал
945 ## - Информацию об издании предоставили:
Полное название организации, предоставившей материал Российская национальная библиотека
980 ## - КОЛЛЕКЦИЯ
Название коллекции Библиография Победы
980 ## - КОЛЛЕКЦИЯ
Название коллекции Национальная библиография
981 17 - КОЛЛЕКЦИЯ ЭЛЕКТРОННОЙ БИБЛИОТЕКИ
Название коллекции Изографические материалы
Название подколлекции Плакаты

Нет доступных экземпляров.